| 000 | 01197nam0a22002771 4500 | ||
|---|---|---|---|
| 001 | rc\3038555 | ||
| 005 | 20250806202813.0 | ||
| 035 | _a(NLR Aleph) 007217066 | ||
| 090 |
_a12535 _c12535 |
||
| 100 | _a20111005d1941 u y0rusy50 ca | ||
| 101 | 0 | _arus | |
| 102 | _aRU | ||
| 105 | _ay z ||||| | ||
| 200 | 1 |
_aКонституция (основной закон) Узбекской Советской Социалистической Республики _eС изм. и доп., принятыми Верховным Советом УзССР 23-го июля 1938 г., 14-го июля 1939 г., 8-го мая 1940 г. и 24 марта 1941 г. |
|
| 210 |
_aТашкент _cУзгиз _d1941 |
||
| 215 |
_a32 с. _d20 см |
||
| 500 | 0 | 0 |
_6z01710 _aКонституция _n1937 |
| 605 | _aКонституция Узбекской ССР | ||
| 710 | 0 | 1 |
_6z01500 _aУзССР _cГосударственная автомобильная инспекция _3RU\NLR\AUTH\8810150981 |
| 801 | 0 |
_aRU _bNLR _gpsbo |
|
| 801 | 1 |
_aRU _bELAR _2rusmarc |
|
| 852 |
_aNLR _jП20 Г-4/6 |
||
| 942 | _cBOOK | ||
| 945 | _aРоссийская национальная библиотека | ||
| 980 | _aNB | ||
| 980 | _aBV | ||